Saving the Written Word Mass Deacidification at the Library of Congress

Bibliographic Details
Main Author: Harris, Kenneth E. (Author)
Format: Article
Language:English
Slovak
Online Access:http://www.viks.sk/chk/preservation.doc

MARC

LEADER 00000nab a2200000 a 4500
001 vtls008638901
003 SK-MaSNL
005 20260303072246.0
008 050706 1999 xo 000 0 eng
035 |a (KIS3G)CLAS02vtls000025617 
040 |a SNKORKD  |b slo  |c SNKORKD  |e AACR2 
041 0 |a slo 
044 |a xo  |c SK 
100 1 |a Harris, Kenneth E.  |4 aut  |9 1071455 
245 1 0 |a Saving the Written Word  |b Mass Deacidification at the Library of Congress 
773 |a The Library of Congress 
856 4 |u http://www.viks.sk/chk/preservation.doc 
910 |a schk 
910 |a memoriask 
999 |c 1762921  |d 1764851